000 00671nam a2200289Ia 4500
005 20260324143444.0
008 008 260324s9999 xx 000 0 eng d
020 _a9780429046582
037 _aEBOOK
040 _aCRL
040 _beng
040 _cCRL
041 _2eng
041 _aeng
084 _qCRL
100 _aDavid E. Rogers
_91214505
245 0 _aAdolescents At Risk
245 0 _bMedical and Social Perspectives
260 _bTaylor and Francis
260 _c1992
365 _a
365 _b220
856 _uhttp://www.taylorfrancis.com/books/9780429046582
942 _cEBOOK
999 _c1821124
_d1821124